Sonata a Tolstoj /
Saved in:
| Hovedforfatter: | |
|---|---|
| Format: | Bog |
| Sprog: | italiensk |
| Udgivet: |
Milano :
B.C. Dalai,
2010
|
| Serier: | Romanzi e racconti ;
508 |
| Tags: |
Ingen Tags, Vær først til at tagge denne postø!
|
MARC
| LEADER | 00000nam a22000007i 4500 | ||
|---|---|---|---|
| 001 | IT\ICCU\LO1\1322031 | ||
| 003 | ItRI | ||
| 005 | 20260207192042.0 | ||
| 008 | 100906s2010 it |||||| ||||| |||||c | ||
| 020 | |a 9788860736451 | ||
| 040 | |b ita |c ct | ||
| 041 | 7 | |a ita |2 ISO-639-2 | |
| 082 | |a 853 |2 12 | ||
| 100 | 1 | |a Alberti, Barbara, |d (1943- ) |0 IT\ICCU\CFIV\019901 |4 aut | |
| 240 | 1 | 0 | |a Sonata a Tolstoj |9 Alberti, Barbara <1943- > |
| 245 | 1 | 0 | |a Sonata a Tolstoj / |c Barbara Alberti. |
| 260 | |a Milano : |b B.C. Dalai, |c 2010 | ||
| 300 | |a 294 p. : |b ill. ; |c 21 cm. | ||
| 830 | 0 | |a Romanzi e racconti ; |v 508 |0 IT\ICCU\RAV\0187056 | |
| 942 | |2 ddc |c BK | ||
| 952 | |0 0 |1 0 |2 ddc |4 0 |6 B_LNR01ALBBASON11 |7 0 |9 7601 |a MI |b MI |d 2011-12-05 |i 6266 |l 0 |o B-LNR01-ALBBA-SON11 |p CDOM6266 |r 2025-07-13 16:28:00 |w 2025-07-13 |x ACQUISTO |y BK | ||
| 952 | |0 0 |1 0 |4 0 |6 DOC_853_914000000000000_ALB |7 0 |9 20335 |a BO |b BO |d 2026-01-15 |i 17562 |l 0 |o DOC 853.914 ALB |p BO17562 |r 2026-01-15 23:21:21 |w 2026-01-15 |x [Sebina 5] [1 v.] |y BK |z 1 v. (Con dedica dell'A.) | ||
| 999 | |c 6291 |d 6291 | ||